| 000 | 00823nam a2200205 a 4500 | ||
|---|---|---|---|
| 001 | 000044601 | ||
| 005 | 20201002045506.0 | ||
| 008 | 140721s1986 sp 000 0 spa d | ||
| 020 | _a8424910184 | ||
| 040 |
_aDO-SdBNP _bspa _cBNPHU |
||
| 245 | 0 | 0 |
_aTratados hipocráticos / _cintroducciones, traducciones y notas porJ. A. López Pérez, E. García Novo. |
| 260 |
_aMadrid : _bEditorial Gredos, _c1986. |
||
| 300 |
_av. ; _c23 cm. |
||
| 490 | 1 |
_aBibliotecas clásicas Gresos _v90 |
|
| 500 | _aIncluye datos bibliográficos al pie de las páginas | ||
| 505 | 0 |
_av. 2 _tSobre los aires, aguasy lugares _tSobre los humores _tSobre los platos _tPredicciones I _tPredicciones II _tPredicciones de cos |
|
| 700 | 1 | 2 |
_aLópez Pérez, J. A. _972630 |
| 700 | 1 | 2 |
_aGarcía Novo, E. _972631 |
| 830 | 0 |
_aBiblioteca clásica Gredos _v90 _98642 |
|
| 999 |
_c44090 _d44090 |
||